000 00456nmm a2200145Ia 4500
008 251105s9999||||xx |||||||||||||||||und||
041 _aspa
100 _aRamírez Vidal, Luis A.
245 0 _aManual de etnografía culinaria :
_b Un enfoque antropológico
264 _a[Bogotá, Colombia] :
_bFondo Editorial Remington,
_c2024
300 _a98 páginas
650 _aCooking
856 _uhttps://public.digitaliapublishing.com/a/156298
942 _cCF
999 _c106927
_d106927